Kirby And The Forgotten Land Levels - Statistics

General Stats
  • This quiz has been taken 25 times
  • The average score is 21 of 38
Answer Stats
World Level % Correct
Isolated Isles: Forgo Dreams Forgo Horns
83%
Isolated Isles: Forgo Dreams Forgo Park
83%
Originull Wasteland Alivel Mall (Staff Side)
75%
Natural Plains A Trip To Alivel Mall
75%
Isolated Isles: Forgo Dreams Forgo Land
75%
Isolated Isles: Forgo Dreams Forgo Wasteland
75%
Redgar Forbidden Lands The Beast Pack's Final Stand
75%
Natural Plains The Brawl At The Mall
75%
Natural Plains Through The Tunnel
75%
Redgar Forbidden Lands Burning, Churning Power Plant
67%
Wondaria Remains Danger Under The Big Top
67%
Isolated Isles: Forgo Dreams Forgo Bay
67%
Isolated Isles: Forgo Dreams Forgo Plains
67%
Isolated Isles: Forgo Dreams Forgo Zone
67%
Originull Wasteland Moonlight Canyon
67%
Wondaria Remains Welcome To Wondaria
67%
Winter Horns An Unexpected Beast King
58%
Wondaria Remains Invasion At The House Of Horrors
58%
Winter Horns Northeast Frost Street
58%
Natural Plains Rocky Rollin' Road
58%
Originull Wasteland The Wastes Where Life Began
58%
Wondaria Remains The Wondaria Dream Parade
58%
Everbay Coast Abandoned Beach
50%
Everbay Coast Concrete Isles
50%
Everbay Coast Fast-Flowing Waterworks
50%
Winter Horns Metro On Ice
50%
Originull Wasteland Searching The Oasis
42%
Winter Horns The Battle Of Blizzard Bridge
42%
Winter Horns Windy, Freezing Seas
42%
Wondaria Remains Circuit Speedway
33%
Redgar Forbidden Lands Enter The Fiery Forbidden Lands
33%
Redgar Forbidden Lands Gathering Of The Beast Council
33%
Everbay Coast Scale The Cement Summit
33%
Originull Wasteland Collector In The Sleepless Valley
25%
Redgar Forbidden Lands Conquer The Inferno Road
25%
Redgar Forbidden Lands In The Presence Of The King
25%
Everbay Coast The Tropical Terror
25%
Natural Plains Downtown Grasslands
17%
No matching quizzes found
Score Distribution
Percent of People with Each Score
Percentile by Number Answered
Your Score History
You have not taken this quiz